000
00291nam a22001217a 4500
082
_a
910.4 INS
100
_a
IBNE-E-INSHAH
_9
77072
245
_a
NAGRI NAGRI PHERA MUSAFAR SAFAR NAMA
260
_a
LAHORE
_b
LAHORE ACADEMY
_c
1997
300
_a
240P
650
_a
SAFAR NAMA
_9
3522
942
_c
BK
999
_c
582400
_d
582400